Čas pred nesmrteľnosťou

Bibliographic Details
Main Author: Winkler, Tomáš, 1940-2021 (Author)
Format: Article
Language:Slovak
Subjects:

MARC

LEADER 00000nab a2200000 a 4500
001 vtls001005937
003 SK-MaSNL
005 20260304140051.0
008 250505e19970000xo 0 slo
035 |a RV6537 
035 |a urn:nbn:sk:snk-ab7ek5 
035 |a (uuid)3c964ec3-2902-49e7-b695-a4033e40d470 
035 |a (urnnbn)urn:nbn:sk:snk:ar-a07x67 
035 |a (sysno)vtls001005937 
040 |a SNKBUCL  |b slo  |c SNKBUCL  |e AACR2 
041 0 |a slo 
044 |a xo  |c SK 
080 |a 885.4-051  |2 1981 
100 1 |a Winkler, Tomáš,  |d 1940-2021  |4 aut  |9 12277 
245 1 0 |a Čas pred nesmrteľnosťou 
500 |a (rodisko) 
590 |a Šafárik, Pavol Jozef, 1795-1861  |b Jazykovedec, spisovateľ, historik. 13.5.1795 Kobeliarovo-26.6.1861 
600 1 7 |a Šafárik, Pavol Jozef,  |d 1795-1861  |2 RVGKPD  |9 85839 
651 7 |a Kobeliarovo (Slovensko)  |2 RVGKPD  |9 56885 
773 0 |t Literika  |g Roč. 2, č.4 (1997), s. 11-15 
850 |a Slovenská národná knižnica 
852 |a Slovenská národná knižnica 
954 |a odborná, vedecká literatúra pôvodná (slovenská)  |2 lita 
958 |a article27 
958 |a OND 
958 |a EUIPO 
999 |c 2913413  |d 2915343